000
00344nam a2200133Ia 4500
008
231129s9999||||xx |||||||||||||| ||spa||
020
_a
84-7166-904-8
040
_b
spa
082
_a
745.5922 A415c
100
_a
Alkema Chester Jay
245
0
_a
Como hacer marionetas
264
_a
Edaf
942
_2
ddc
_c
BKS
999
_c
7575
_d
7575